| 000 | 00832nam a22002417a 4500 | ||
|---|---|---|---|
| 001 | 85844 | ||
| 003 | BD-RjUL | ||
| 005 | 20251013102859.0 | ||
| 008 | 251013s1954 lon||||| e||| 00| 0 eng d | ||
| 035 | _a(BD-RjUL)85844 | ||
| 040 |
_aBD-RjUL _beng _cBD-RjUL _dDLC _eDLC |
||
| 041 | _aeng | ||
| 082 |
_223 _a032 _bSTB 1954 |
||
| 245 |
_aThe book of Knowledge _cEdited by Gordon Stowell, _nAdvisory Edited by J. Edward Mason |
||
| 246 | _aA Pictorial Treusury of Reading Reference for Young and old | ||
| 260 |
_aLondon _bThe Waverley book Company LTD _c1954 |
||
| 300 |
_a649 page, _c20 cm. |
||
| 336 |
_2The Waverley book Company LTD _aFarringdonStreet, London E.C.4. |
||
| 505 | _aFormatted note Volume-1, 2, 3, 4, 5, 6, 7, 8, | ||
| 650 | _aKnowledge | ||
| 700 |
_aMason, J. Edward, Advisory Edited by _917165 |
||
| 942 |
_2ddc _cBK |
||
| 999 |
_c85844 _d85844 |
||